000 00431nam a2200181Ia 4500
003 OSt
005 20230307111626.0
008 210210b1949 xxu||||| |||| 00| 0 eng d
040 _cAL
041 _aeng
082 _a335/69
100 _aCHATTERJEE (R)
_974377
245 _aIndian economics I
260 _aCalcutta
_bH Chatterjee & Co Ltd.
_c1949
690 _aIndian Economics
_974378
906 _a004412
942 _2ddc
_cBK
999 _c125089
_d125089